000
00222 a2200109 4500
001
63443
082
_a
823 DEI
090
_c
37501
_d
37501
100
_a
Deighton, L
245
_a
London match
260
_a
NY
_b
Philips
_c
2000
942
_a
NUST-CAE
_k
823 DEI
999
_c
298516
_d
298516